Países africanos - Escribe la primera letra - Estadísticas

Estadísticas generales
  • Esta prueba ha sido intentada 6.743 veces
  • La puntuación promedio es 37 de 54
Respuestas en el mapa
Las respuestas están codificadas por una escala verde-roja en el mapa de la prueba según el % correcto abajo.
 
Estadísticas de respuestas
País % Correcto
Argelia
70%
Chad
70%
Madagascar
70%
Marruecos
70%
República Democrática del Congo
70%
Sudáfrica
70%
Sudán
70%
Túnez
70%
Burkina Faso
69%
Cabo Verde
69%
Comoras
69%
Egipto
69%
Eritrea
69%
Esuatini
69%
Etiopía
69%
Gabón
69%
Guinea Ecuatorial
69%
Lesoto
69%
Libia
69%
Mozambique
69%
Nigeria
69%
República Centroafricana
69%
Somalia
69%
Sudán del Sur
69%
Botsuana
68%
Camerún
68%
Gambia
68%
Guinea-Bissau
68%
Kenia
68%
Malaui
68%
Malí
68%
Mauritania
68%
Namibia
68%
Níger
68%
República del Congo
68%
Senegal
68%
Seychelles
68%
Tanzania
68%
Yibuti
68%
Zambia
68%
Angola
67%
Benín
67%
Burundi
67%
Costa de Marfil
67%
Ghana
67%
Guinea
67%
Ruanda
67%
Santo Tomé y Príncipe
67%
Sierra Leona
67%
Togo
67%
Uganda
67%
Zimbabue
67%
Liberia
66%
Mauricio
66%
No se encontraron pruebas coincidentes
Distribución de puntuación
Porcentaje de gente con cada puntuación
Porcentaje por número respondido
Historial de tus puntuaciones
No has intentado esta prueba.